| 000 | 00537cam a22002171 4500 | ||
|---|---|---|---|
| 001 | sa 68002510 | ||
| 003 | DLC | ||
| 005 | 20260227112444.0 | ||
| 008 | 890912s1965 np 000 0 nepo | ||
| 010 | _asa 68002510 | ||
| 035 | _a(OCoLC)20330342 | ||
| 040 |
_aDLC _cWaU _dDLC |
||
| 042 | _apremarc | ||
| 050 | 0 | 0 |
_aPK2598.D37 _bZ59 |
| 100 | 0 | _aBandhu. | |
| 245 | 1 | 0 | _aMahākavi Lakshmī Prasāda Devakoṭā. |
| 260 | _c[1965] | ||
| 300 |
_a60 p. _c18 cm. |
||
| 500 | _aIn Nepali. | ||
| 600 | 1 | 0 |
_aDevkota, Laxmi Prasad, _d1908-1959. |
| 999 |
_c78780 _d78780 |
||